| 000 | 01252nam a22003977a 4500 | ||
|---|---|---|---|
| 001 | 0047511 | ||
| 003 | KOHA_MİRAKIL | ||
| 005 | 20260207003549.0 | ||
| 007 | ta | ||
| 008 | 150303b2000 tu |||gr||||#||||1|tur | | ||
| 020 | _a9755740686 | ||
| 040 |
_aTR-BiSEU _btur _cTR-BiSEU _erda |
||
| 041 | 0 | _atur | |
| 044 | _ctu | ||
| 050 |
_aP90 _b.C66 2000 |
||
| 100 | 1 | _aCondon, John C.. | |
| 240 | 1 | 0 |
_asemantics and communication _lTürkçe |
| 245 | 1 |
_aKelimelerin büyülü dünyası : _banlambilim ve iletişim = _b semantics and communication/ _cJohn C. Condon ; John C. Condon ; çeviren Murat Çiftkaya. |
|
| 250 | _a3. Baskı | ||
| 264 | 1 |
_aİstanbul : _bİnsan Yayınları _c2000 |
|
| 300 |
_a156 sayfa ; _c22 cm. |
||
| 336 |
_ametin _btxt _2rdacontent |
||
| 337 |
_aaracısız _bn _2rdamedia |
||
| 338 |
_acilt _bnc _2rdacarrier |
||
| 490 | 1 |
_aİnsan yayınları ; _v128. |
|
| 490 | 1 |
_aDil Bilim ; _v3 |
|
| 650 | 0 |
_aCommunication _93603 |
|
| 650 | 0 |
_aInterpersonal relations _99209 |
|
| 650 | 0 |
_aSemantics _922413 |
|
| 650 | 0 |
_aİletişim _93605 |
|
| 650 | 0 |
_aKişilerarası ilişkiler _96027 |
|
| 650 | 0 |
_aAnlambilim _922412 |
|
| 830 | 1 |
_aİnsan yayınları ; _v128. _917072 |
|
| 830 | 1 |
_aDil Bilim ; _v3 _987256 |
|
| 942 |
_2lcc _cBK |
||
| 999 |
_c47355 _d47355 |
||